VI legislatura 1999-2003 [Recurs electrònic] / [producció: Parlament de Catalunya] Parlament de Catalunya]
Descripción Física:
1 disc òptic (CD-ROM) ; 22 cm ; enquadernació tela
MARC
| LEADER | 00000nam a2200000Ia 4500 | ||
|---|---|---|---|
| 001 | 17988 | ||
| 008 | 160829s2004 xx 000 0 cat d | ||
| 080 | |a CD-2-7 | ||
| 110 | 1 | |a Catalunya. |b Parlament |9 11492 | |
| 245 | |a VI legislatura 1999-2003 [Recurs electrònic] / [producció: |b Parlament de Catalunya] | ||
| 250 | |a Ed. no venal | ||
| 260 | |a Barcelona: |b Parlament de Catalunya. Departament d'Edicions, |c 2004 | ||
| 300 | |a 1 disc òptic (CD-ROM) ; |c 22 cm ; |c enquadernació tela | ||
| 650 | |a Catalunya. Parlament |x Legislació |x 1999/2003 |9 37725 | ||
| 650 | |a Legislació |x Catalunya |x Repertoris |9 37726 | ||
| 901 | |a Arxiu | ||
| 942 | |n 1 | ||
| 952 | |0 0 |1 0 |4 0 |6 CD27 |7 1 |9 48027 |a Arxiu |b Arxiu |d 2016-12-01 |l 0 |o CD-2-7 |p 17988 |r 2016-12-01 00:00:00 |w 2016-12-01 |y ARXIU | ||
| 999 | |c 51828 |d 51828 | ||